Les Pirates de la Peinture (Record no. 4754)

MARC details
000 -CABECERA
campo de control de longitud fija 00514nam a2200205 a 4500
001 - NÚMERO DE CONTROL
campo de control BRCA_5060
005 - FECHA Y HORA DE LA ÚLTIMA TRANSACCIÓN
campo de control 20190320204925.0
008 - DATOS DE LONGITUD FIJA--INFORMACIÓN GENERAL
campo de control de longitud fija 800416s1955 fr-a######---#000-0#fre-#
041 ## - CÓDIGO DE LENGUA
Código de lengua del texto/banda sonora o título independiente fre
044 ## - CÓDIGO DEL PAÍS DE LA ENTIDAD EDITORA/PRODUCTORA
Código MARC del país fr
050 #4 - SIGNATURA TOPOGRÁFICA DE LA BIBLIOTECA DEL CONGRESO
Número de clasificación N8790
Número de documento/Ítem .I86 1955
100 1# - ENTRADA PRINCIPAL--NOMBRE DE PERSONA
Nombre de persona Isnard, Guy
9 (RLIN) 12907
245 10 - MENCIÓN DE TÍTULO
Título Les Pirates de la Peinture
Mención de responsabilidad, etc. Guy Isnard.
260 ## - PUBLICACIÓN, DISTRIBUCIÓN, ETC.
Lugar de publicación, distribución, etc. París
Nombre del editor, distribuidor, etc. Flammarion
Fecha de publicación, distribución, etc. 1955
300 ## - DESCRIPCIÓN FÍSICA
Extensión 185 p
Otras características físicas il.
Dimensiones 22 cm.
500 ## - NOTA GENERAL
Nota general DD27
650 14 - PUNTO DE ACCESO ADICIONAL DE MATERIA--TÉRMINO DE MATERIA
Término de materia o nombre geográfico como elemento de entrada Falsificación de obras de arte
9 (RLIN) 7762
902 ## - CATALOGADOR
Iniciales GFM
942 ## - ELEMENTOS DE PUNTO DE ACCESO ADICIONAL (KOHA)
Fuente del sistema de clasificación o colocación Library of Congress Classification
Tipo de ítem Koha Libros
Holdings
Estado de retiro Estado de pérdida Estado dañado No para préstamo Localización permanente Ubicación/localización actual Fecha de adquisición Número de inventario Total de préstamos Signatura topográfica completa Código de barras Fecha visto por última vez Precio válido a partir de Tipo de ítem Koha
El ejemplar forma parte de la colección y puede ser consultado según las políticas vigentes.       Biblioteca del Museo Franz Mayer (Rogerio Casas-Alatriste) Biblioteca del Museo Franz Mayer (Rogerio Casas-Alatriste) 08/11/2010 DD27   N8790 .I86 1955 (DD27) 5173 22/03/2019 22/03/2019 Libros